Manual de Derecho Comercial /
Guardado en:
| Otros Autores: | |
|---|---|
| Formato: | Libro |
| Idioma: | Spanish |
| Publicado: |
Buenos Aires :
La Ley,
2016
|
| Edición: | 1a. ed. |
| Materias: | |
| Etiquetas: |
Agregar Etiqueta
Sin Etiquetas, Sea el primero en etiquetar este registro!
|
| LEADER | 00629nam a22001815a 4500 | ||
|---|---|---|---|
| 001 | DER.der013150 | ||
| 008 | 180615s2016####ag#||||||||||||||#||spa|| | ||
| 005 | 20251218085728.0 | ||
| 245 | 1 | 0 | |a Manual de Derecho Comercial / |c dirigido por Eduardo M. Favier Dubois ; coordinado por Ignacio E. Alterini. |
| 250 | |a 1a. ed. | ||
| 260 | |a Buenos Aires : |b La Ley, |c 2016 | ||
| 300 | |a 1040 p. | ||
| 020 | |a 9789870330431 | ||
| 700 | 1 | |a Favier Dubois, Eduardo M., |e dir. | |
| 700 | 1 | |a Alterini, Ignacio E., |e coord. | |
| 650 | 7 | |a DERECHO PRIVADO | |
| 859 | |a DERECHO |b BIB. DERECHO |h 346.07 |i FAV |p 007998 | ||
| 859 | |a DERECHO |b BIB. DERECHO |h 346.07 |i FAV |p 007999 |t 1 | ||
